00487 2200181 4500001002100000005001500021035002000036245005200056100001200108250001700120300003200137260003900169082001000208084001700218020002200235650002400257500002400281INLIS00000000000064220240827092030 a0010-08240001601 aBertanam Kacang Tanah dan Manfaatnya /cMashudi0 aMashudi acetakan ke-1 aiv, 68 hlm :bIlus ;c22 cm aJakarta :bAzka Mulia Media,c2007 a633.3 a633.3 MAS b a978-979-1211-42-0 4aTanaman Biji-bijian aSeri Bercocok Tanam